Statistics for Countries of the World by Just First and Last Letter

Click here to take the quiz!

General Stats

  • This quiz has been taken 1,664 times
  • The average score is 90 of 196

Answer Stats

Country% Correct
United States
97%
Antigua & Barbuda
95%
Albania
92%
Algeria
92%
Andorra
92%
Angola
92%
Argentina
92%
Armenia
92%
Australia
92%
Austria
92%
Cambodia
87%
Canada
87%
China
87%
Colombia
87%
Costa Rica
87%
Croatia
87%
Cuba
87%
Samoa
80%
Saudi Arabia
80%
Serbia
80%
Slovakia
80%
Slovenia
80%
Somalia
80%
South Africa
80%
South Korea
80%
Sri Lanka
80%
St. Lucia
80%
Syria
80%
North Korea
79%
Bolivia
70%
Bosnia and Herzegovina
70%
Botswana
70%
Bulgaria
70%
Burma
70%
Fed. States Micronesia
69%
Romania
68%
Russia
68%
Rwanda
68%
Macedonia
66%
Malaysia
66%
Malta
66%
Mauritania
66%
Moldova
66%
Mongolia
66%
South Sudan
66%
Spain
66%
Sudan
66%
Sweden
66%
Gambia
62%
Georgia
62%
Ghana
62%
Grenada
62%
Guatemala
62%
Guinea
62%
Guyana
62%
United Kingdom
62%
Namibia
61%
Nicaragua
61%
Nigeria
61%
Latvia
60%
Liberia
60%
Libya
60%
Lithuania
60%
France
58%
Uganda
56%
United Arab Emirates
56%
Mexico
55%
Monaco
55%
Montenegro
55%
Morocco
55%
Afghanistan
54%
Azerbaijan
54%
Equatorial Guinea
54%
Eritrea
54%
Estonia
54%
Ethiopia
54%
India
52%
Indonesia
52%
Germany
50%
Panama
49%
Papua New Guinea
49%
Finland
47%
Iceland
46%
Ireland
46%
Tanzania
46%
Tonga
46%
Tunisia
46%
Brazil
44%
Japan
44%
Jordan
44%
Denmark
43%
Bahamas
41%
Barbados
41%
Belarus
41%
Cote d'Ivoire
41%
Congo (Dem. Rep.)
39%
Norway
39%
Belgium
38%
Greece
38%
Jamaica
38%
Poland
38%
Venezuela
38%
Cape Verde
37%
Chile
37%
Italy
37%
Kenya
37%
Portugal
37%
Belize
36%
Dominica
36%
Bahrain
35%
Benin
35%
Bhutan
35%
East Timor
35%
Kazakhstan
35%
Kyrgyzstan
35%
Oman
35%
Trinidad & Tobago
35%
São Tomé and Príncipe
34%
Sierra Leone
34%
Singapore
34%
Suriname
34%
Taiwan
34%
Tajikistan
34%
Turkmenistan
34%
Zambia
34%
Hungary
33%
Lebanon
33%
Liechtenstein
33%
Swaziland
33%
Switzerland
33%
Ukraine
33%
New Zealand
30%
Palau
30%
Peru
30%
Vatican City
30%
Yemen
30%
Ecuador
29%
El Salvador
29%
Iran
29%
Qatar
29%
Central African Republic
28%
Congo (Rep.)
28%
Netherlands
28%
Pakistan
28%
Egypt
27%
Uzbekistan
27%
Czech Republic
26%
Haiti
26%
Luxembourg
26%
St. Vincent & the Grenadines
26%
Turkey
26%
Uruguay
26%
Zimbabwe
26%
Fiji
25%
Malawi
25%
Mali
25%
Paraguay
25%
Seychelles
25%
Solomon Islands
25%
St. Kitts & Nevis
25%
Comoros
24%
Cyprus
24%
Mozambique
24%
San Marino
24%
Honduras
23%
Brunei
22%
Burundi
22%
Iraq
22%
Kosovo
22%
Israel
21%
Thailand
21%
Djibouti
20%
Maldives
20%
Marshall Islands
20%
Mauritius
20%
Togo
20%
Lesotho
19%
Burkina Faso
18%
Chad
18%
Philippines
18%
Vietnam
18%
Bangladesh
16%
Dominican Republic
16%
Laos
16%
Madagascar
16%
Cameroon
15%
Tuvalu
15%
Gabon
14%
Kiribati
14%
Niger
14%
Kuwait
13%
Nauru
13%
Vanuatu
13%
Senegal
12%
Guinea-Bissau
11%
Nepal
11%

Score Distribution

Percentile by Number Answered

Percent of People with Each Score

Your Score History

You have not taken this quiz